Văn hóa người Xtiêng

Về lịch sử tộc người, tổ chức quản lý xã hội và gia đình, tri thức trong hạt động kinh tế, văn hóa ẩm thực, tín ngưỡng lễ hội , phong tục tập quán, các loại hình nhạc cụ, dân ca, truyện kể dân gian, nghệ thuật múa và tạo hình của ngư...

詳細記述

保存先:
書誌詳細
第一著者: Huỳnh, Văn Tới
フォーマット: 図書
言語:Undetermined
出版事項: Hà Nội Khoa học - Xã hội 2015
主題:
タグ: タグ追加
タグなし, このレコードへの初めてのタグを付けませんか!
Thư viện lưu trữ: Trung tâm Học liệu Trường Đại học Cần Thơ
LEADER 01032nam a2200205Ia 4500
001 CTU_209881
008 210402s9999 xx 000 0 und d
082 |a 398.09597 
082 |b T462 
100 |a Huỳnh, Văn Tới 
245 0 |a Văn hóa người Xtiêng 
245 0 |c Huỳnh Văn Tới, Phan Đình Dũng, Phạm Hữu Hiến 
260 |a Hà Nội 
260 |b Khoa học - Xã hội 
260 |c 2015 
520 |a Về lịch sử tộc người, tổ chức quản lý xã hội và gia đình, tri thức trong hạt động kinh tế, văn hóa ẩm thực, tín ngưỡng lễ hội , phong tục tập quán, các loại hình nhạc cụ, dân ca, truyện kể dân gian, nghệ thuật múa và tạo hình của người Xtiêng. 
650 |a Văn hóa dân gian,Folklore 
650 |z Việt Nam,Vietnam 
904 |i Trần Thị Yến Nhi,Hải 
980 |a Trung tâm Học liệu Trường Đại học Cần Thơ